Представление документа в формате RUSMARC

Поле Инд. ПП Название Значение
Тип записи a
Библиографический уровень a
001 Контрольный номер ab636f4469e74466a5c99feb50386e47
005 Дата корректировки 20230929133505.3
100 a Данные общей обработки 20230929 ||| 0rusy0189 ca
101 0_ a Язык текста rus
102 a Страна публикации RU
200 1_ f Первые сведения об ответственности Б.В. Яцеленко
a Заглавие Основание уголовной ответственности по Уголовному кодексу Российской Федерации
b Общее обозначение материала Текст
203 a Вид содержания Текст : электронный
210 1_ d Дата издания 2023
300 a Общие примечания Чтение статьи доступно в Источнике
336 a Примечание о виде электронного ресурса PDF
461 _0 1 2000
a Российское правосудие
463 _0 1 2000
a № 9
b Электронный ресурс
v С. 102-109
1 2101
d 2023
1 00182cf4434a6f149e7a7abcfd5b378cc46
606 a Основная рубрика Право. Юридические науки
x Основная подрубрика Уголовное право
610 0_ a Ключевые слова ЗАКОН
a Ключевые слова ПРЕСТУПЛЕНИЕ
a Ключевые слова СОСТАВ ПРЕСТУПЛЕНИЯ
a Ключевые слова СУДИМОСТЬ
a Ключевые слова УГОЛОВНАЯ ОТВЕТСТВЕННОСТЬ
700 _1 a Фамилия Яцеленко
b Имя Б.В.
801 _0 a Страна RU
b Организация РГУП
c Дата составления 20230929
g Правила каталогизации PSBO
801 _1 a Страна RU
b Организация РГУП
c Дата составления 20230929
g Правила каталогизации PSBO
901 t Тип документа b
w Контрольный № источника 82cf4434a6f149e7a7abcfd5b378cc46
905 a Дата ввода 20230929